MARC

LEADER 00000nab a2200000 a 4500
001 vtls000165227
003 SK-MaSNL
005 20260302203035.0
008 160215c1983 xo 0 slo
015 |a SNBRB19rr/mm-uuuuu 
035 |a CL0175338 
040 |a SNKBUCL  |b slo  |c SNKBUCL  |e AACR2 
041 0 |a slo 
044 |a xo  |c SK 
080 |a 885.4-3  |2 1981 
080 |a 929 Pavol z Levoče  |2 1981 
100 1 |a Zúbek, Ľudo,  |d 1907-1969  |4 aut  |9 86505 
245 1 0 |a /Skrytý prameň./  |c Ľudo Zúbek 
500 |a V záhlaví uvádzame správny názov diela. 
600 0 7 |a Pavol z Levoče,  |d činný 15.-16. storočie  |2 snkbucl  |9 185330 
650 0 7 |a romány historické  |2 snkbucl  |9 403944 
655 7 |a články z novín a časopisov  |2 snkbucl  |9 267496 
655 7 |a články z odboru literárna veda a krásna literatúra  |2 snkbucl  |9 770045 
773 0 |t Nové knihy  |g Č. 45 (1983), s. /1/ 
850 |a Slovenská národná knižnica v Martine  |a MTA001 
852 |a SNK  |b KIS3GCP 
958 |a BX 
958 |a RK 
958 |a LX 
992 |a RBX 
999 |c 1467500  |d 1469430